[Event "Macieja Memorial"]
[Site "Warsaw POL"]
[Date "2024.07.08"]
[Round "3.9"]
[White "Padalka, Artem"]
[Black "Pakleza, Zbigniew"]
[Result "0-1"]
[WhiteElo "2101"]
[BlackElo "2405"]
[EventDate "2024.07.08"]
[PlyCount "128"]

1.Nf3 d5 2.g3 Nf6 3.Bg2 Bf5 4.d3 e6 5.O-O Be7 6.Nbd2 h6 7.Re1 O-O 8.e4 Bh7 
9.exd5 exd5 10.b3 Re8 11.Bb2 c6 12.Ne5 a5 13.a4 Na6 14.Ndf3 Bc5 15.Qd2 Bb4 
16.Bc3 Qb6 17.Bxb4 Qxb4 18.Qxb4 Nxb4 19.Re2 Bf5 20.Rae1 c5 21.Nh4 Be6 22.f4 
Rad8 23.h3 Bc8 24.g4 Re7 25.g5 Nh5 26.g6 fxg6 27.Nhxg6 Ree8 28.Kh2 Bf5 29.Nh4 
Bh7 30.Neg6 Rxe2 31.Rxe2 Bxg6 32.Nxg6 Nc6 33.Bf3 Nf6 34.Ne7+ Kf7 35.Nxc6 bxc6 
36.Kg3 Rb8 37.Bg4 Rb4 38.Re5 Kf8 39.Be2 Kf7 40.Bg4 Kf8 41.Re6 c4 42.dxc4 dxc4 
43.Rxc6 cxb3 44.cxb3 Rxb3+ 45.Kh4 Rb4 46.Rc8+ Kf7 47.Rc7+ Kg6 48.Kg3 Rxa4 
49.Be6 Nh5+ 50.Kf3 Rxf4+ 51.Ke3 Rf6 52.Bg4 Nf4 53.Rc5 h5 54.Bd7 Ng2+ 55.Ke4 a4 
56.Bxa4 Rf4+ 57.Ke5 Rxa4 58.Rc2 Ne3 59.Re2 Nc4+ 60.Kd5 Nb6+ 61.Ke6 Kh6 62.Kf7 
Rf4+ 63.Kg8 Nd5 64.Re6+ Nf6+ 0-1

[Event "Macieja Memorial"]
[Site "Warsaw POL"]
[Date "2024.07.08"]
[Round "3.11"]
[White "Klimkowski, Jan"]
[Black "Terkiewicz, Bruno"]
[Result "1-0"]
[WhiteElo "2372"]
[BlackElo "2084"]
[EventDate "2024.07.08"]
[PlyCount "177"]

1.e4 c6 2.Nf3 d5 3.Nc3 Bg4 4.h3 Bxf3 5.Qxf3 Nf6 6.Be2 e5 7.O-O d4 8.Nb1 Bd6 
9.d3 O-O 10.a4 Nbd7 11.Nd2 Bc7 12.c3 Nc5 13.b4 Ne6 14.c4 a5 15.b5 Bd6 16.Nb3 
Nd7 17.Qg3 Kh8 18.h4 Be7 19.h5 Bg5 20.Bxg5 Qxg5 21.Qxg5 Nxg5 22.f4 Ne6 23.g3 
exf4 24.gxf4 Ndc5 25.Nd2 f5 26.e5 Rab8 27.Kg2 Kg8 28.Kg3 Kf7 29.Rfb1 Rg8 30.Kf3 
g5 31.hxg6+ hxg6 32.Rb2 g5 33.fxg5 Rxg5 34.bxc6 b6 35.Rh1 Rbg8 36.Nf1 Nxa4 
37.Rb5 Nec5 38.Rh6 R8g6 39.c7 Rg8 40.Rh7+ R5g7 41.Rxg7+ Kxg7 42.Ng3 Kg6 43.Kf2 
Rc8 44.Bh5+ Kg5 45.Be2 Rxc7 46.Nf1 Re7 47.Nd2 Kf4 48.Nf3 Rh7 49.Nxd4 Rh2+ 
50.Ke1 Ke3 51.Nxf5+ Kf4 52.Nd4 Rh1+ 53.Kf2 Kxe5 54.Nf3+ Kf4 55.Ne1 Rh2+ 56.Ng2+ 
Ke5 57.Bf1 Kd4 58.Kg3 Rh6 59.Ne1 Rg6+ 60.Kf2 Rf6+ 61.Nf3+ Kc3 62.Ke3 Re6+ 
63.Kf4 Re8 64.d4 Nd3+ 65.Bxd3 Kxd3 66.c5 bxc5 67.Rxa5 cxd4 68.Rxa4 Rf8+ 69.Kg3 
Ke3 70.Nxd4 Rg8+ 71.Kh4 Rh8+ 72.Kg5 Rg8+ 73.Kf6 Kd3 74.Nf5 Rf8+ 75.Ke5 Re8+ 
76.Kd5 Rd8+ 77.Nd6 Rh8 78.Ra3+ Kc2 79.Ne4 Kb2 80.Rg3 Ra8 81.Nc5 Rf8 82.Rg4 Rf5+ 
83.Kc4 Kc2 84.Rg2+ Kd1 85.Ne4 Rf4 86.Kd4 Ke1 87.Ke3 Rf1 88.Ra2 Rf3+ 89.Kxf3 1-0

[Event "Macieja Memorial"]
[Site "Warsaw POL"]
[Date "2024.07.08"]
[Round "3.12"]
[White "Seemann, Jakub"]
[Black "Zebracki, Tomasz"]
[Result "1-0"]
[WhiteElo "2358"]
[BlackElo "2048"]
[EventDate "2024.07.08"]
[PlyCount "85"]

1.c4 c6 2.d4 d5 3.Nf3 Nf6 4.e3 Bg4 5.Nc3 e6 6.h3 Bxf3 7.Qxf3 Nbd7 8.Qd1 Bd6 
9.Be2 O-O 10.O-O Ne4 11.Nxe4 dxe4 12.Qc2 Nf6 13.b3 e5 14.Bb2 exd4 15.Bxd4 Qe7 
16.Qb2 c5 17.Bc3 Rfd8 18.Rad1 Bc7 19.a3 Rxd1 20.Rxd1 Rd8 21.Rxd8+ Qxd8 22.b4 
cxb4 23.axb4 Ne8 24.Qc2 Qd6 25.g3 Qe6 26.Kg2 b6 27.Bd4 Nd6 28.Bb2 Nf5 29.Bg4 
Qg6 30.c5 b5 31.Qd2 h5 32.Bxf5 Qxf5 33.Qe2 a6 34.Qd1 Kh7 35.Bc3 g6 36.Qe2 Be5 
37.Bxe5 Qxe5 38.Qd1 Qf6 39.Kg1 Qc3 40.Qd5 Kg8 41.c6 Qxb4 42.c7 Qe1+ 43.Kg2 1-0

[Event "Macieja Memorial"]
[Site "Warsaw POL"]
[Date "2024.07.08"]
[Round "3.13"]
[White "Nesterenko, Kyrylo"]
[Black "Sengupta, Deep"]
[Result "0-1"]
[WhiteElo "2091"]
[BlackElo "2350"]
[EventDate "2024.07.08"]
[PlyCount "87"]

1.d4 e6 2.c4 Nf6 3.Nf3 c5 4.d5 exd5 5.cxd5 d6 6.Nc3 g6 7.h3 Bg7 8.e4 O-O 9.Bd3 
Nbd7 10.O-O Re8 11.Bf4 c4 12.Bc2 Nc5 13.Nd2 b5 14.Nxb5 Nfxe4 15.Nxc4 Ba6 16.a4 
g5 17.Be3 f5 18.Re1 Bxb5 19.axb5 Qf6 20.Bxc5 dxc5 21.Bxe4 fxe4 22.Qg4 Qd4 23.b3 
Rf8 24.Ra2 Qxd5 25.Qxe4 Qxe4 26.Rxe4 Bd4 27.Kf1 Rab8 28.f3 Rxb5 29.Nd2 a5 
30.Ke2 Rd8 31.Re6 Kf7 32.Ra6 Re8+ 33.Ne4 Rxb3 34.Ra7+ Kg6 35.Ra6+ Kg7 36.Ra7+ 
Kh8 37.R7xa5 h5 38.Ra7 g4 39.hxg4 hxg4 40.R2a6 gxf3+ 41.gxf3 c4 42.Rh6+ Kg8 
43.Rg6+ Kf8 44.Rc7 0-1

[Event "Macieja Memorial"]
[Site "Warsaw POL"]
[Date "2024.07.08"]
[Round "3.14"]
[White "Bogdanov, Egor"]
[Black "Chmiel, Marcin"]
[Result "1-0"]
[WhiteElo "2349"]
[BlackElo "2038"]
[EventDate "2024.07.08"]
[PlyCount "127"]

1.e4 e5 2.d4 exd4 3.Nf3 Nc6 4.c3 Nf6 5.e5 Nd5 6.cxd4 Bb4+ 7.Bd2 Bxd2+ 8.Nbxd2 
d6 9.Bb5 O-O 10.O-O Bf5 11.Rc1 Nce7 12.Re1 c6 13.Bc4 Qd7 14.Nb3 Rfe8 15.exd6 
Qxd6 16.Ne5 Ng6 17.Nxg6 hxg6 18.Qf3 Nb6 19.Bd3 Bxd3 20.Qxd3 Nd5 21.g3 Qb4 
22.Kf1 Rad8 23.a3 Qd6 24.Qf3 Qf6 25.Qxf6 Nxf6 26.Rxe8+ Rxe8 27.Nc5 Re7 28.b4 
Kf8 29.h4 Nd5 30.Rb1 b6 31.Nd3 Rd7 32.Ne5 Rd6 33.Rc1 Ne7 34.Nf3 Nf5 35.Ke2 
Nxd4+ 36.Nxd4 Rxd4 37.Rxc6 Rd7 38.Ke3 Ke7 39.a4 Rd6 40.Rc7+ Rd7 41.Rxd7+ Kxd7 
42.g4 a5 43.bxa5 bxa5 44.Kd4 Kd6 45.Kc4 Kc6 46.h5 g5 47.Kd4 Kd6 48.f3 f6 49.Ke4 
Ke6 50.f4 gxf4 51.Kxf4 Kd6 52.Kf5 Ke7 53.Kg6 Kf8 54.h6 gxh6 55.Kxf6 h5 56.gxh5 
Kg8 57.Ke6 Kh7 58.Kd6 Kh6 59.Kc6 Kxh5 60.Kb6 Kg6 61.Kxa5 Kf7 62.Kb6 Ke7 63.a5 
Kd7 64.Kb7 1-0

[Event "Macieja Memorial"]
[Site "Warsaw POL"]
[Date "2024.07.08"]
[Round "3.15"]
[White "Czajkowski, Adam"]
[Black "Malek, Jan"]
[Result "0-1"]
[WhiteElo "2084"]
[BlackElo "2344"]
[EventDate "2024.07.08"]
[PlyCount "70"]

1.e4 c6 2.Nc3 d5 3.Nf3 g6 4.d4 dxe4 5.Nxe4 Nf6 6.Nxf6+ exf6 7.g3 Bg7 8.Bg2 O-O 
9.O-O Be6 10.Be3 a5 11.b3 Na6 12.Qd2 Re8 13.Rfd1 Nc7 14.c4 a4 15.Rac1 Qd7 
16.Ne1 Bg4 17.f3 Bh3 18.Nd3 Bxg2 19.Kxg2 Ne6 20.Nf2 axb3 21.axb3 Ra3 22.Qb4 Ra2 
23.Rd2 Rxd2 24.Qxd2 f5 25.Rd1 Nc7 26.Bf4 Ne6 27.Be3 Nc7 28.Bf4 Na6 29.d5 Nc5 
30.dxc6 Qxc6 31.Qd5 Nxb3 32.Qxc6 bxc6 33.Rd7 Na5 34.Rc7 h5 35.Bd2 Nxc4 0-1

[Event "Macieja Memorial"]
[Site "Warsaw POL"]
[Date "2024.07.08"]
[Round "3.16"]
[White "Mis, Mieszko"]
[Black "Pires, Emanuel Joao Robarts"]
[Result "0-1"]
[WhiteElo "2344"]
[BlackElo "2032"]
[EventDate "2024.07.08"]
[PlyCount "76"]

1.Nf3 d6 2.d4 Nf6 3.g3 g6 4.Bg2 Bg7 5.O-O O-O 6.c4 c6 7.Nc3 Nbd7 8.e4 e5 9.h3 
Re8 10.Qc2 Qc7 11.Rd1 a5 12.Be3 Nb6 13.b3 Nbd7 14.Rac1 Nf8 15.dxe5 dxe5 16.Na4 
Ne6 17.Bb6 Qb8 18.Rd2 Nd7 19.Be3 b5 20.cxb5 cxb5 21.Nc3 Ra6 22.Nd5 Bb7 23.Bf1 
Rc6 24.Qd1 Rxc1 25.Qxc1 Nd4 26.Nxd4 exd4 27.Bxd4 Bxd4 28.Rxd4 Qe5 29.Qd2 Nc5 
30.Bxb5 Re6 31.Qe3 Nxe4 32.Rxe4 Qxd5 33.f3 Rxe4 34.Qxe4 Qxb5 35.Qf4 Bd5 36.Qe5 
Qc5+ 37.Kh2 Qf2+ 38.Kh1 Bxf3# 0-1

[Event "Macieja Memorial"]
[Site "Warsaw POL"]
[Date "2024.07.08"]
[Round "3.18"]
[White "Alvarado, Carlos"]
[Black "Gdanski, Jacek"]
[Result "0-1"]
[WhiteElo "2040"]
[BlackElo "2315"]
[EventDate "2024.07.08"]
[PlyCount "100"]

1.Nf3 c5 2.b3 Nc6 3.Bb2 d6 4.g3 e5 5.d3 g6 6.Bg2 Bg7 7.O-O Nge7 8.c4 O-O 9.Nc3 
h6 10.Nd2 f5 11.Nd5 Kh7 12.e3 a6 13.a3 Rb8 14.Qc2 b5 15.Rab1 Nxd5 16.Bxd5 Ne7 
17.Bg2 Bb7 18.Ba1 Qd7 19.f4 Bxg2 20.Kxg2 Nc6 21.Nf3 Rbe8 22.Rfe1 Re7 23.b4 cxb4 
24.cxb5 axb5 25.Rbc1 Rc8 26.Qb3 bxa3 27.Qxb5 exf4 28.Bxg7 Rxg7 29.exf4 a2 
30.Qa4 Qa7 31.Rc4 d5 32.Qxa7 Nxa7 33.Ra4 Rc2+ 34.Kh3 g5 35.fxg5 hxg5 36.g4 Nc6 
37.Re6 Nb4 38.Re5 Nxd3 39.Rxf5 Nf4+ 40.Rfxf4 gxf4 41.g5 Rb7 42.Kg4 Kg6 43.h4 
Kf7 44.h5 Rb1 45.Ra7+ Ke8 46.Nd4 Rg2+ 47.Kf5 a1=Q 48.Rxa1 Rxa1 49.h6 Rh1 50.Ne6 
f3 0-1

[Event "Macieja Memorial"]
[Site "Warsaw POL"]
[Date "2024.07.08"]
[Round "3.19"]
[White "Kacprzak, Karol"]
[Black "Kowalski, Witold"]
[Result "1-0"]
[WhiteElo "2308"]
[BlackElo "1867"]
[EventDate "2024.07.08"]
[PlyCount "97"]

1.e4 c5 2.Nf3 Nc6 3.d4 cxd4 4.Nxd4 g6 5.c4 Nf6 6.Nc3 Nxd4 7.Qxd4 d6 8.Be3 Bg7 
9.f3 O-O 10.Qd2 a5 11.Be2 a4 12.O-O Qa5 13.Rac1 Be6 14.Rfd1 Rfc8 15.Nd5 Qxd2 
16.Rxd2 Bxd5 17.exd5 Nd7 18.Bf1 Nc5 19.Re1 Kf8 20.Red1 h5 21.g3 Ra6 22.Rb1 Rb6 
23.Be2 Bf6 24.Kg2 Kg7 25.Rc2 Be5 26.h4 Bf6 27.Rd2 Ra6 28.Bd1 Raa8 29.Bf2 Be5 
30.Be2 Bf6 31.Rc2 Be5 32.b4 axb3 33.axb3 Ra3 34.b4 Na4 35.Be1 Nb6 36.Rd1 Rb3 
37.c5 dxc5 38.bxc5 Nd7 39.Bf2 Rc3 40.Rxc3 Bxc3 41.Rc1 Bb4 42.c6 bxc6 43.dxc6 
Ne5 44.Bd4 Bd6 45.f4 f6 46.fxe5 fxe5 47.Bb6 Rb8 48.c7 Bxc7 49.Bxc7 1-0

[Event "Macieja Memorial"]
[Site "Warsaw POL"]
[Date "2024.07.08"]
[Round "3.20"]
[White "Starosta, Martyna"]
[Black "Kacprzak, Kacper"]
[Result "0-1"]
[WhiteElo "2037"]
[BlackElo "2297"]
[EventDate "2024.07.08"]
[PlyCount "60"]

1.e4 c5 2.Nf3 d6 3.d4 cxd4 4.Nxd4 Nf6 5.Nc3 a6 6.Nb3 Nbd7 7.g4 h6 8.Bg2 g6 
9.Be3 Ne5 10.h3 Nc4 11.Bc1 Bg7 12.Qe2 Qc7 13.Nd2 Nb6 14.a4 O-O 15.a5 Nbd7 
16.Nc4 b5 17.axb6 Nxb6 18.Nxb6 Qxb6 19.O-O e5 20.g5 hxg5 21.Bxg5 Be6 22.b3 Rfc8 
23.Na4 Qb4 24.Be3 Rab8 25.Qd3 Qb5 26.Qxd6 Rxc2 27.Nc5 Bf8 28.Qxa6 Bxc5 29.Bxc5 
Qxa6 30.Rxa6 Rxc5 0-1

[Event "Macieja Memorial"]
[Site "Warsaw POL"]
[Date "2024.07.08"]
[Round "3.21"]
[White "Socko, Monika"]
[Black "Ptaszynski, Szymon"]
[Result "0-1"]
[WhiteElo "2288"]
[BlackElo "1825"]
[EventDate "2024.07.08"]
[PlyCount "124"]

1.d4 Nf6 2.Nf3 d5 3.g3 Bf5 4.Bg2 e6 5.c4 c6 6.Nc3 Bd6 7.Nh4 Bg6 8.Nxg6 hxg6 
9.b3 Nbd7 10.Bb2 O-O 11.O-O Re8 12.Qd2 Qe7 13.Rad1 Bb4 14.Qd3 Rad8 15.cxd5 exd5 
16.e3 Ne4 17.Nxe4 dxe4 18.Qc2 Nb6 19.a3 Bd6 20.Rfe1 Nd5 21.b4 a6 22.Rf1 Rc8 
23.Rde1 f5 24.Qb3 Qf7 25.Bc1 Nb6 26.Qb1 Nd5 27.Qc2 Qe7 28.Bd2 Kh7 29.Rb1 Nf6 
30.a4 Nd5 31.Qc4 b5 32.axb5 axb5 33.Qb3 Nb6 34.Rfd1 Nc4 35.Bc1 Ra8 36.Bf1 Nb6 
37.d5 Nxd5 38.Bxb5 Nxb4 39.Bc4 Rab8 40.Qc3 c5 41.Qe1 Nd3 42.Bxd3 exd3 43.Rxb8 
Rxb8 44.Rxd3 Rb1 45.Rd1 Be5 46.Bd2 Rxd1 47.Qxd1 c4 48.Qc2 c3 49.Bc1 Qb4 50.Kg2 
Qb7+ 51.f3 Qb5 52.e4 fxe4 53.Qxe4 Qc5 54.Qc2 Qd6 55.Be3 Kg8 56.Kf2 Bd4 57.Ke2 
Bxe3 58.Kxe3 Kh7 59.g4 Qd5 60.h4 Kg8 61.Qxg6 Qd2+ 62.Ke4 Qc2+ 0-1

[Event "Macieja Memorial"]
[Site "Warsaw POL"]
[Date "2024.07.08"]
[Round "3.22"]
[White "Grochulski, Grzegorz"]
[Black "Czernek, Tymon"]
[Result "0-1"]
[WhiteElo "2023"]
[BlackElo "2253"]
[EventDate "2024.07.08"]
[PlyCount "142"]

1.e4 c5 2.Nf3 d6 3.d4 cxd4 4.Nxd4 Nf6 5.Nc3 a6 6.f4 e5 7.Nf3 Nbd7 8.Bd3 Be7 
9.O-O O-O 10.Qe1 b5 11.fxe5 Nxe5 12.Nxe5 dxe5 13.Bg5 Be6 14.Rd1 b4 15.Bxf6 Bxf6 
16.Nd5 Bxd5 17.exd5 Qb6+ 18.Kh1 g6 19.Qf2 Qxf2 20.Rxf2 Bg7 21.c4 bxc3 22.bxc3 
Rfd8 23.c4 Rac8 24.Rc2 Bf8 25.g4 Kg7 26.Kg2 Bc5 27.h3 Rf8 28.Rf1 Rb8 29.Be4 Rb6 
30.Rc3 Rfb8 31.Rcf3 Rb2+ 32.Kg3 Rf8 33.g5 Be7 34.h4 Rxa2 35.Rb1 Ra3 36.Rb7 
Rxf3+ 37.Kxf3 Bc5 38.Rc7 Bd6 39.Rc6 Bb4 40.Rb6 a5 41.d6 f5 42.Bd5 Rd8 43.Rb7+ 
Kh8 44.d7 Kg7 45.Ke3 Kf8 46.Kd3 Ke7 47.Ra7 e4+ 48.Kd4 e3 49.Kd3 f4 50.Bc6 Kd6 
51.Bf3 Rxd7 52.Rxd7+ Kxd7 53.Bd1 Kd6 54.Ke4 Bd2 55.Kd4 Be1 56.c5+ Kc7 57.h5 
gxh5 58.Bxh5 a4 59.Kc4 Bh4 60.g6 hxg6 61.Bf3 Be7 62.Kb4 Bxc5+ 63.Kxa4 Kd6 
64.Kb3 Ke5 65.Kc2 Kf5 66.Kd3 g5 67.Be4+ Kg4 68.Ke2 Kg3 69.Bg6 g4 70.Bh5 f3+ 
71.Ke1 Bb4+ 0-1

[Event "Macieja Memorial"]
[Site "Warsaw POL"]
[Date "2024.07.08"]
[Round "3.23"]
[White "Bartel, Michal"]
[Black "Kryston, Aleksander"]
[Result "1-0"]
[WhiteElo "2250"]
[BlackElo "1737"]
[EventDate "2024.07.08"]
[PlyCount "67"]

1.e4 c5 2.Ne2 d6 3.g3 Nc6 4.Bg2 Nf6 5.c3 g6 6.d4 cxd4 7.cxd4 Bg7 8.Nbc3 O-O 
9.O-O e5 10.d5 Ne7 11.Qb3 Nh5 12.Be3 f5 13.f3 f4 14.Bf2 g5 15.g4 Nf6 16.Rfc1 h5 
17.h3 h4 18.Nb5 Ne8 19.Nxa7 Bd7 20.Nb5 Qa5 21.Nec3 Rc8 22.a4 Rf6 23.Qa3 Bf8 
24.b4 Qa6 25.Bf1 Qa8 26.Qb3 Nc7 27.Nxc7 Rxc7 28.Bb6 Rc8 29.Bb5 Bxb5 30.Nxb5 
Rxc1+ 31.Rxc1 Nc8 32.Bd8 Rf7 33.Bxg5 Nb6 34.a5 1-0

[Event "Macieja Memorial"]
[Site "Warsaw POL"]
[Date "2024.07.08"]
[Round "3.24"]
[White "Zbrzezny, Aleksander"]
[Black "Kokoszczynski, Jan"]
[Result "0-1"]
[WhiteElo "2016"]
[BlackElo "2243"]
[EventDate "2024.07.08"]
[PlyCount "69"]

1.d4 Nf6 2.c4 e6 3.Nc3 Bb4 4.Nf3 b6 5.e3 Bb7 6.Bd3 O-O 7.Qc2 c5 8.a3 Bxc3+ 
9.bxc3 d6 10.e4 h6 11.O-O Nbd7 12.Bf4 Qe7 13.Bg3 e5 14.Rae1 Rfe8 15.Nh4 Nh5 
16.Nf5 Qf8 17.Qe2 g6 18.Ne3 cxd4 19.cxd4 exd4 20.Nd5 Bxd5 21.cxd5 Nxg3 22.hxg3 
Rac8 23.Qb2 Rc3 24.Bb5 Rd8 25.Qb4 Rc5 26.a4 Qg7 27.f4 h5 28.Rd1 Nf6 29.Qxd4 Ng4 
30.Qd3 Rc3 31.Qd2 Rxg3 32.Rc1 Ne3 33.Rf2 Ng4 34.Re2 h4 35.a5 0-1

[Event "Macieja Memorial"]
[Site "Warsaw POL"]
[Date "2024.07.08"]
[Round "3.25"]
[White "Sanz Losada, Victoriano"]
[Black "Sanz Wawer, Daniel"]
[Result "0-1"]
[WhiteElo "1999"]
[BlackElo "2216"]
[EventDate "2024.07.08"]
[PlyCount "74"]

1.d4 Nf6 2.c4 e6 3.Nf3 d5 4.Nc3 Bb4 5.Qc2 O-O 6.a3 Bxc3+ 7.Qxc3 Ne4 8.Qc2 c5 
9.dxc5 Nc6 10.b4 a5 11.b5 Ne7 12.e3 Nxc5 13.Be2 a4 14.Bb2 b6 15.h4 Bb7 16.h5 h6 
17.Rd1 Rc8 18.Rh3 f6 19.Nh4 Qe8 20.Ng6 Nxg6 21.hxg6 Nb3 22.g4 Qxb5 23.g5 fxg5 
24.Bg4 Qa5+ 25.Kf1 Rce8 26.Rf3 Rxf3 27.Bxf3 Rf8 28.Bg4 Bc8 29.cxd5 Qc5 30.Qxc5 
Nxc5 31.d6 Bd7 32.Bd4 Rc8 33.Rb1 Nb3 34.Bxb6 Nd2+ 35.Ke2 Nxb1 36.Bc7 Nc3+ 
37.Kd3 Nb5 0-1

[Event "Macieja Memorial"]
[Site "Warsaw POL"]
[Date "2024.07.08"]
[Round "3.26"]
[White "Heberla, Bartlomiej"]
[Black "Stefaniuk, Zbigniew"]
[Result "1-0"]
[WhiteElo "2409"]
[BlackElo "1803"]
[EventDate "2024.07.08"]
[PlyCount "65"]

1.Nf3 d5 2.e3 Nf6 3.c4 c6 4.Nc3 g6 5.d4 Bg7 6.Be2 O-O 7.O-O Bf5 8.Qb3 Qb6 9.c5 
Qc7 10.Nh4 Nbd7 11.Nxf5 gxf5 12.f3 e5 13.Qc2 e4 14.fxe4 fxe4 15.Bd2 b6 16.cxb6 
axb6 17.Be1 c5 18.Bg3 Qc8 19.Nb5 Ne8 20.Bg4 Qb7 21.Bd6 Nxd6 22.Nxd6 Qc6 23.Nf5 
Qc7 24.Ne7+ Kh8 25.Nxd5 Qd6 26.Qxe4 cxd4 27.exd4 Rae8 28.Qf5 Bxd4+ 29.Kh1 Nc5 
30.Qh5 Re5 31.Bf5 h6 32.Rad1 Qxd5 33.Qxh6+ 1-0

[Event "Macieja Memorial"]
[Site "Warsaw POL"]
[Date "2024.07.08"]
[Round "3.27"]
[White "Kanarek, Marcel"]
[Black "Majek, Kacper"]
[Result "1-0"]
[WhiteElo "2389"]
[BlackElo "1996"]
[EventDate "2024.07.08"]
[PlyCount "71"]

1.e4 e5 2.Nf3 Nc6 3.Bb5 a6 4.Ba4 Nf6 5.O-O Nxe4 6.d4 b5 7.Bb3 d5 8.dxe5 Be6 
9.c3 Be7 10.Nbd2 O-O 11.Qe2 Nc5 12.Bc2 d4 13.cxd4 Nxd4 14.Nxd4 Qxd4 15.Nf3 Qg4 
16.Rd1 Rad8 17.Be3 Bc4 18.Qe1 Bd5 19.h3 Qh5 20.Qe2 Ne6 21.Nd4 Qxe2 22.Nxe2 c5 
23.Ng3 c4 24.Nf5 Rfe8 25.Nxe7+ Rxe7 26.f4 Bc6 27.f5 Rxd1+ 28.Rxd1 Nf8 29.Bf4 
Nd7 30.Rd6 Nb8 31.e6 Re8 32.e7 f6 33.Rd8 Kf7 34.Rxe8 Kxe8 35.Bxb8 Kxe7 36.Kf2 1-0

[Event "Macieja Memorial"]
[Site "Warsaw POL"]
[Date "2024.07.08"]
[Round "3.28"]
[White "Gbiorczyk, Mikolaj"]
[Black "Rajlich, Iweta"]
[Result "1-0"]
[WhiteElo "1967"]
[BlackElo "2379"]
[EventDate "2024.07.08"]
[PlyCount "64"]

1.e4 e6 2.d4 d5 3.exd5 exd5 4.Nf3 Bd6 5.c4 Nf6 6.c5 Be7 7.Bd3 b6 8.cxb6 axb6 
9.O-O Bg4 10.Nc3 Nc6 11.Bb5 Bd7 12.Bg5 Nb8 13.Bd3 Bg4 14.h3 Be6 15.Re1 h6 
16.Bf4 O-O 17.Rc1 c5 18.a3 Nc6 19.Nb5 Rc8 20.Bb1 Ne4 21.Nc3 Bf6 22.Be3 Bf5 
23.dxc5 Nxc3 24.bxc3 Bxb1 25.Rxb1 bxc5 26.Bxc5 Re8 27.Rxe8+ Qxe8 28.Qxd5 Bxc3 
29.Rb7 Ne5 30.Nxe5 Bxe5 31.g3 h5 32.Re7 Qb5 1-0

[Event "Macieja Memorial"]
[Site "Warsaw POL"]
[Date "2024.07.08"]
[Round "3.29"]
[White "Zaninotto, Franco"]
[Black "Johannesson, Ingvar Thor"]
[Result "0-1"]
[WhiteElo "1961"]
[BlackElo "2365"]
[EventDate "2024.07.08"]
[PlyCount "52"]

1.Nf3 Nf6 2.d4 e6 3.g3 c5 4.Bg2 cxd4 5.O-O a6 6.Nxd4 Be7 7.b3 O-O 8.Bb2 Qc7 
9.Nd2 d6 10.c4 Nbd7 11.b4 Ne5 12.Qb3 Bd7 13.a4 Rac8 14.Rac1 b6 15.h3 Rfd8 
16.Rfd1 Be8 17.N4f3 Nc6 18.Nd4 Qb8 19.Nxc6 Bxc6 20.Bxc6 Rxc6 21.Nf3 d5 22.cxd5 
Rxc1 23.Bxc1 Nxd5 24.b5 axb5 25.axb5 Bc5 26.Bb2 Qxg3+ 0-1

[Event "Macieja Memorial"]
[Site "Warsaw POL"]
[Date "2024.07.08"]
[Round "3.30"]
[White "Lecki, Leonard"]
[Black "Zawadzka, Beata"]
[Result "1-0"]
[WhiteElo "1941"]
[BlackElo "2329"]
[EventDate "2024.07.08"]
[PlyCount "73"]

1.c4 f5 2.Nc3 Nf6 3.g3 g6 4.Bg2 Bg7 5.d4 O-O 6.Nf3 d6 7.O-O Nc6 8.b3 e5 9.d5 
Ne7 10.Bb2 a5 11.a3 h6 12.Qd2 g5 13.b4 axb4 14.axb4 Rxa1 15.Rxa1 f4 16.c5 Ng6 
17.Qc2 Ne7 18.Ra8 g4 19.Nd2 h5 20.Nc4 Nf5 21.Ne4 dxc5 22.Nxc5 Nxd5 23.Rxc8 Qxc8 
24.Bxd5+ Kh8 25.Be6 Qd8 26.Bxf5 Qf6 27.Be4 fxg3 28.f3 gxh2+ 29.Kh1 Qf4 30.Ne6 
Qg3 31.Qc1 Re8 32.Ng5 Ra8 33.Nf7+ Kg8 34.Nfxe5 Ra2 35.Bd5+ Kh8 36.Nf7+ Kh7 
37.Qb1+ 1-0

[Event "Macieja Memorial"]
[Site "Warsaw POL"]
[Date "2024.07.08"]
[Round "3.31"]
[White "Zalega, Maciej"]
[Black "Karwowski, Kacper"]
[Result "1-0"]
[WhiteElo "1922"]
[BlackElo "2184"]
[EventDate "2024.07.08"]
[PlyCount "71"]

1.e4 c5 2.Nf3 e6 3.d4 cxd4 4.Nxd4 Nf6 5.Nc3 Nc6 6.Be2 Bb4 7.O-O Bxc3 8.bxc3 
Nxe4 9.Bd3 d5 10.Ba3 Qa5 11.Qc1 Nxc3 12.Nb3 Qc7 13.Qe1 d4 14.f4 Bd7 15.Qh4 Qd8 
16.Qg3 Qf6 17.Rae1 O-O-O 18.Bd6 Be8 19.Be5 Nxe5 20.fxe5 Qh6 21.Rf4 Kb8 22.Rh4 
Qxh4 23.Qxh4 Ba4 24.Nxd4 g5 25.Qf2 Nd5 26.Qxf7 Nf4 27.Nxe6 Rd7 28.Qf6 Rg8 
29.Nxf4 gxf4 30.e6 Rd6 31.Qf7 Rdd8 32.e7 Rde8 33.Bxh7 Rh8 34.Bg6 Bc6 35.Qxf4+ 
Kc8 36.Bf5+ 1-0

[Event "Macieja Memorial"]
[Site "Warsaw POL"]
[Date "2024.07.08"]
[Round "3.32"]
[White "Smal, Tobiasz"]
[Black "Lewandowski, Rafal"]
[Result "1-0"]
[WhiteElo "2104"]
[BlackElo "1940"]
[EventDate "2024.07.08"]
[PlyCount "69"]

1.c4 e6 2.Nc3 d5 3.d4 c5 4.Nf3 Nc6 5.cxd5 exd5 6.e3 Nf6 7.Be2 Be7 8.O-O O-O 
9.a3 c4 10.Ne5 Na5 11.Qc2 g6 12.e4 dxe4 13.Nxe4 Nb3 14.Bh6 Nxa1 15.Rxa1 Qxd4 
16.Bxf8 Kxf8 17.Nxf6 Bxf6 18.Nxc4 Be6 19.Rd1 Qc5 20.b4 Qc7 21.Qe4 Rc8 22.Nd6 
Rb8 23.Nb5 Qc6 24.Qf4 Ra8 25.Qxf6 Rc8 26.Nd4 Qe4 27.Nxe6+ Qxe6 28.Qxe6 fxe6 
29.Rd7 Rc2 30.Bf1 b6 31.Rxa7 h5 32.Rb7 Ra2 33.Rxb6 Ke7 34.Ra6 Kf6 35.b5 1-0

[Event "Macieja Memorial"]
[Site "Warsaw POL"]
[Date "2024.07.08"]
[Round "3.33"]
[White "Klimek, Piotr"]
[Black "Janeczko, Jakub"]
[Result "1-0"]
[WhiteElo "1866"]
[BlackElo "2084"]
[EventDate "2024.07.08"]
[PlyCount "125"]

1.Nf3 g6 2.c4 Bg7 3.Nc3 Nf6 4.g3 O-O 5.Bg2 d6 6.d4 Nc6 7.O-O e5 8.dxe5 Nxe5 
9.Nxe5 dxe5 10.Nd5 c6 11.Nxf6+ Qxf6 12.Bd2 Be6 13.Qa4 Rfd8 14.Bc3 Qe7 15.Rfd1 
Qc5 16.b3 h5 17.Qa5 Qxa5 18.Bxa5 Rd4 19.Bc3 Rxd1+ 20.Rxd1 a5 21.a4 Ra6 22.Rd8+ 
Kh7 23.Be4 f5 24.Bc2 e4 25.Bxg7 Kxg7 26.Rb8 Rb6 27.Ra8 Bxc4 28.bxc4 Rb2 29.Rxa5 
Rxc2 30.Ra7 Rb2 31.a5 Kf6 32.a6 bxa6 33.Rxa6 Rxe2 34.Rxc6+ Kg5 35.h4+ Kg4 
36.Kg2 f4 37.Rxg6+ Kf5 38.Rg5+ Kf6 39.gxf4 e3 40.Kf3 Rxf2+ 41.Kxe3 Rc2 42.Kd4 
Rf2 43.Ke4 Rc2 44.c5 Rc4+ 45.Kf3 Rc3+ 46.Ke4 Rc4+ 47.Ke3 Rc3+ 48.Kd4 Rf3 
49.Rxh5 Rxf4+ 50.Kd5 Ke7 51.Rh7+ Kd8 52.Kd6 Rf6+ 53.Ke5 Rc6 54.Kd5 Rf6 55.h5 
Kc8 56.h6 Rf5+ 57.Kd6 Rf6+ 58.Ke5 Rc6 59.Kd5 Rg6 60.Rh8+ Kc7 61.h7 Rh6 62.Ra8 
Rh5+ 63.Kc4 1-0

[Event "Macieja Memorial"]
[Site "Warsaw POL"]
[Date "2024.07.08"]
[Round "3.34"]
[White "Paluszek, Jan"]
[Black "Lewandrowski, Tomasz"]
[Result "1-0"]
[WhiteElo "1807"]
[BlackElo "2000"]
[EventDate "2024.07.08"]
[PlyCount "161"]

1.d4 d5 2.c4 e6 3.Nf3 Nf6 4.g3 Bb4+ 5.Bd2 Be7 6.Bg2 O-O 7.O-O c6 8.Bf4 a5 9.Nc3 
dxc4 10.Ne5 Nd5 11.Nxc4 Nxf4 12.gxf4 Nd7 13.e3 Nf6 14.Rc1 Bd7 15.Ne5 Be8 16.Qf3 
a4 17.a3 Nd5 18.Ne4 f6 19.Nd3 Bf7 20.Nec5 b6 21.Ne4 Rc8 22.Qg3 Kh8 23.Kh1 Rg8 
24.Rg1 Bg6 25.Qh3 Bf5 26.Qh5 Qe8 27.Qe2 Bg6 28.Ng3 Bd6 29.Ne1 e5 30.fxe5 fxe5 
31.Nf3 exd4 32.Nxd4 Bc5 33.Ndf5 Rf8 34.Rxc5 Bxf5 35.Nxf5 bxc5 36.Nd6 Qd8 
37.Nxc8 Qxc8 38.Bxd5 cxd5 39.Qd2 Qc6 40.Rg3 h6 41.Kg1 Qf6 42.Qc3 Qe7 43.Qc2 Rb8 
44.Qxa4 Rxb2 45.Qa8+ Kh7 46.Qxd5 Qf6 47.Qd3+ Kh8 48.Kg2 Rxf2+ 49.Kg1 Rf1+ 
50.Qxf1 Qb2 51.Qf8+ Kh7 52.Qf5+ Kh8 53.Qf8+ Kh7 54.Qxg7+ Qxg7 55.Rxg7+ Kxg7 
56.Kf2 Kf6 57.Ke2 Ke5 58.Kd3 h5 59.a4 Kd5 60.e4+ Ke5 61.Kc4 Kxe4 62.a5 Kf3 
63.a6 Kg2 64.a7 h4 65.a8=Q+ Kxh2 66.Kxc5 h3 67.Kd4 Kg1 68.Qa1+ Kg2 69.Qb2+ Kg1 
70.Qc1+ Kg2 71.Qd2+ Kg1 72.Qe1+ Kg2 73.Qe2+ Kg1 74.Qg4+ Kh2 75.Ke3 Kh1 76.Qxh3+ 
Kg1 77.Qg3+ Kh1 78.Qf3+ Kh2 79.Qg4 Kh1 80.Kf2 Kh2 81.Qg2# 1-0

[Event "Macieja Memorial"]
[Site "Warsaw POL"]
[Date "2024.07.08"]
[Round "3.35"]
[White "Gahan, M G"]
[Black "Zareba, Piotr"]
[Result "1-0"]
[WhiteElo "2237"]
[BlackElo "1828"]
[EventDate "2024.07.08"]
[PlyCount "157"]

1.d4 c6 2.Nc3 g6 3.h4 h5 4.Bf4 Bg7 5.e3 d6 6.Nf3 Bg4 7.Be2 Bxf3 8.Bxf3 Nd7 
9.Qd2 Ngf6 10.O-O O-O 11.Rad1 Qc7 12.e4 e5 13.dxe5 dxe5 14.Bh6 Rad8 15.Bxg7 
Kxg7 16.Be2 b5 17.Qe3 a6 18.Rd2 Rfe8 19.Rfd1 Nf8 20.Rxd8 Rxd8 21.Rxd8 Qxd8 
22.Qc5 Qc7 23.Nd5 Ne6 24.Nxf6 Kxf6 25.Qe3 Kg7 26.c3 Qd8 27.g3 c5 28.Kg2 Qd6 
29.Qc1 c4 30.Qe3 Qc6 31.Bf3 Nc5 32.Qg5 f6 33.Qe3 Nd3 34.Qa7+ Kh6 35.Qe3+ Kg7 
36.b3 b4 37.bxc4 Qxc4 38.Be2 Ne1+ 39.Kf1 Qxa2 40.Kxe1 Qa1+ 41.Bd1 bxc3 42.Qd3 
a5 43.Ke2 Qb2+ 44.Qc2 Qb5+ 45.Ke1 Qb4 46.Ke2 Qc4+ 47.Kf3 Qf1 48.Be2 Qa1 49.Ke3 
a4 50.Kd3 Qg1 51.Bf3 a3 52.Kxc3 Qe1+ 53.Kb3 Qa5 54.Ka2 Qb4 55.Be2 Kh6 56.Bc4 
Qc5 57.Bb3 Qb4 58.Qc1+ Kg7 59.Qc7+ Kh6 60.Qc1+ Kg7 61.Qxa3 Qxe4 62.Qa7+ Kh6 
63.Qe3+ Qxe3 64.fxe3 g5 65.Bc2 gxh4 66.gxh4 Kg7 67.Kb3 Kf7 68.Bf5 Ke7 69.Kc4 
Kd6 70.e4 Kc6 71.Bg6 Kd6 72.Bxh5 Ke6 73.Bg4+ Kf7 74.Bf5 Kg7 75.Kc5 Kf7 76.Kd6 
Kf8 77.Ke6 Kg7 78.h5 Kf8 79.Kxf6 1-0